| 000 | 00729nam a2200217Ia 4500 | ||
|---|---|---|---|
| 003 | GCL | ||
| 008 | 140319s9999 xx 000 0 ara d | ||
| 020 | _a2860801977 | ||
| 040 |
_aGCL / _cGCL |
||
| 082 | 0 | 4 |
_a155.418 _bد س |
| 100 | 1 | _aناى، روبرت د. | |
| 245 | 1 | 0 |
_aالسلوك الانسانى : _bثلاث نظريات فى فهمه / _cناى، روبرت د. |
| 250 | _aالاولى | ||
| 260 |
_aالقاهرة : _bالهيئة المصرية العامة للكتاب ، _c2003 |
||
| 300 |
_a308 ص ؛ _c20 سم |
||
| 490 |
_aمكتبة الاسرة _v0 |
||
| 650 | 0 | 4 | _aالسلوك الانسانى |
| 650 | 0 | 4 | _aالسلوك - النظريات |
| 650 | 0 | 4 | _aالسلوك - فلسفة |
| 942 |
_2ddc _cBK |
||
| 999 |
_c6851 _d6851 |
||